000 00317nam a22001457a 4500
008 221130b ||||| |||| 00| 0 eng d
020 _a9780826411280
041 _aeng
080 _a159.9
082 _a159.9 FOR
100 _a25
101 _aPSI
245 _aLOVE DOES NO HARM
_cFORTUNE M M
942 _2udc
_cBK
999 _c59051
_d59051